000 00921nam a2200277 i 4500
001 bgj
245 0 0 _aCambridge First Certificate Examination Practice 1 /
_cedited by Leo Jones.
260 _aCambridge :
_bCambridge University Press,
_c1993.
300 _a119 pp :
_bill. ;
_c24 cm.
490 1 _aCambridge Examinations Publishing
505 _aIncludes answer sheets.
650 9 _aEnglish language
_xFCE
650 9 _aEnglish language
_xFCE examinations
650 9 _aEnglish language
_xFCE practice tests
650 9 _aEnglish language
_xFCE tests
655 _aExaminations, questions, etc.
700 1 _aJones, Leo
_d(1943- ).
_eRed.
710 0 _aUniversity of Cambridge Local Examinations Syndicate
830 _aCambridge Examinations Publishing
020 _a0521274273
040 _cBPK
041 0 _aeng
920 _a0-521-27427-3
942 _cKS
008 s uk f |000 0 eng
999 _c47757
_d47757
856 _uhttp://koha.tu.koszalin.pl/cgi-bin/koha/opac-detail.pl?biblionumber=47757
_yKatalog online BPK